[Event "East Lansing (MI Op/1)"]
[Site "?"]
[Date "1982.??.??"]
[Round "?"]
[White "Arganian, David H"]
[Black "Brooks, John"]
[Result "0-1"]
[WhiteElo "1865"]
[BlackElo "2090"]
[PlyCount "70"]
[EventDate "1982.??.??"]

1. e4 Nf6 2. e5 Nd5 3. Nc3 Nb6 4. g3 d6 5. exd6 cxd6 6. Bg2 Nc6 7. d3 g6 8. Be3
Bg7 9. Nge2 Bg4 10. Qc1 O-O 11. h3 Bxe2 12. Nxe2 Na4 13. c3 Ne5 14. Qc2 Nxb2
15. d4 Ned3+ 16. Kf1 d5 17. Rb1 b5 18. Rxb2 Nxb2 19. Qxb2 Rb8 20. h4 h5 21. Qd2
Re8 22. Bf3 Qd7 23. Nf4 e6 24. g4 hxg4 25. Bxg4 Qc6 26. Bf3 b4 27. cxb4 Qc4+
28. Kg2 Qxb4 29. Qxb4 Rxb4 30. h5 g5 31. Nd3 Ra4 32. Bxg5 Rxd4 33. h6 Rxd3 34.
hxg7 Kxg7 35. Kf1 Rxf3 0-1

[Event "East Lansing (MI Op/2)"]
[Site "?"]
[Date "1982.??.??"]
[Round "?"]
[White "Arganian, David G"]
[Black "Triplett, Thomas"]
[Result "1-0"]
[WhiteElo "1970"]
[BlackElo "1825"]
[PlyCount "85"]
[EventDate "1982.??.??"]

1. e4 c5 2. Nf3 d6 3. d4 cxd4 4. Qxd4 Nc6 5. Bb5 Qb6 6. Qxb6 axb6 7. Be3 Nf6 8.
Nc3 Nd7 9. Nd5 Rb8 10. Nxb6 Nxb6 11. Bxb6 f6 12. O-O e5 13. Rfd1 Be7 14. Bc7
Ra8 15. Bxd6 Be6 16. Bxe7 Kxe7 17. a3 Rhc8 18. Rd2 Na5 19. Rad1 Nc4 20. Bxc4
Rxc4 21. Re2 Rac8 22. Ne1 g5 23. b3 R4c7 24. a4 Bg4 25. f3 Be6 26. c4 h5 27.
Nc2 Rc6 28. Ne3 Rb6 29. Rd3 Rc7 30. Nd5+ Bxd5 31. exd5 Kd6 32. Red2 Rb4 33. Rc3
b6 34. Kf2 b5 35. c5+ Kd7 36. a5 Ra7 37. c6+ Kd6 38. c7 Rxc7 39. Rxc7 Kxc7 40.
a6 Rxb3 41. d6+ Kd7 42. Ra2 b4 43. a7 1-0

[Event "East Lansing (MI Op/6)"]
[Site "?"]
[Date "1982.??.??"]
[Round "?"]
[White "Arganian, David G"]
[Black "Smith, Michael R"]
[Result "1/2-1/2"]
[WhiteElo "1970"]
[BlackElo "2065"]
[PlyCount "75"]
[EventDate "1982.??.??"]

1. e4 e6 2. d3 b6 3. Nf3 Bb7 4. g3 g6 5. Bg2 Bg7 6. O-O Ne7 7. Re1 d6 8. Nbd2
O-O 9. Nf1 Nd7 10. d4 c5 11. c3 Rc8 12. h4 cxd4 13. cxd4 Nf6 14. Ng5 Qc7 15.
Bd2 h6 16. Nh3 Rfd8 17. Rc1 Qb8 18. Rc3 Rxc3 19. bxc3 Qa8 20. Qb1 Qc8 21. Qc1
Kh7 22. f3 Nc6 23. Ne3 Ba6 24. Nf2 Na5 25. Bf1 Bxf1 26. Rxf1 Nc4 27. Nxc4 Qxc4
28. Qa3 Qe2 29. Bf4 Qxf3 30. Qxa7 Rd7 31. Qxb6 Qxc3 32. Bxd6 Nxe4 33. Nxe4
Bxd4+ 34. Kh1 Bxb6 35. Nxc3 Rxd6 36. Rxf7+ Kg8 37. Rf3 Rd2 38. a4 1/2-1/2

[Event "East Lansing (MI Op/7)"]
[Site "?"]
[Date "1982.??.??"]
[Round "?"]
[White "Arganian, David G"]
[Black "Hahn, David"]
[Result "1/2-1/2"]
[WhiteElo "1970"]
[BlackElo "2115"]
[PlyCount "85"]
[EventDate "1982.??.??"]

1. e4 c6 2. d4 d5 3. Nc3 dxe4 4. Nxe4 Nf6 5. Bd3 Nxe4 6. Bxe4 Bf5 7. Qd3 Bxe4
8. Qxe4 Qd5 9. Qxd5 cxd5 10. Ne2 Nc6 11. c3 e6 12. Nf4 g6 13. Nd3 Kd7 14. Bf4
Bd6 15. Kd2 Bxf4+ 16. Nxf4 b6 17. Nd3 Na5 18. b3 Rac8 19. Rac1 b5 20. f4 Nb7
21. Rhe1 h5 22. g3 Rc7 23. Ne5+ Ke7 24. c4 bxc4 25. bxc4 dxc4 26. Rxc4 Rxc4 27.
Nxc4 Rd8 28. Kc3 f6 29. Rb1 Nd6 30. Nxd6 Rxd6 31. Rb7+ Rd7 32. Rxd7+ Kxd7 33.
Kd3 Kd6 34. Kc4 Kc6 35. a3 a6 36. h3 Kd6 37. g4 h4 38. a4 Kc6 39. Kc3 Kd5 40.
Kd3 a5 41. Ke3 g5 42. fxg5 fxg5 43. Kd3 1/2-1/2

[Event "East Lansing (MI Op/4)"]
[Site "?"]
[Date "1982.??.??"]
[Round "?"]
[White "Arganian, David G"]
[Black "Geno, R.."]
[Result "1-0"]
[WhiteElo "1970"]
[BlackElo "1820"]
[PlyCount "119"]
[EventDate "1982.??.??"]

1. e4 e5 2. f4 exf4 3. Bc4 Be7 4. Nf3 d6 5. Nc3 Be6 6. Bb3 Bxb3 7. axb3 Nc6 8.
d3 g5 9. O-O h5 10. Nd5 Ne5 11. g3 fxg3 12. Nxe7 Nxf3+ 13. Qxf3 gxh2+ 14. Kh1
Qxe7 15. Bxg5 f6 16. Bxf6 Nxf6 17. Qxf6 Qxf6 18. Rxf6 Ke7 19. Rf2 a6 20. Rxh2
Raf8 21. Rg1 Rf4 22. Rg5 h4 23. Re2 Kf6 24. Rgg2 Rh7 25. Kh2 c5 26. Ref2 Rxf2
27. Rxf2+ Ke6 28. Kh3 d5 29. Rf4 dxe4 30. Rxe4+ Kd5 31. b4 b6 32. bxc5 bxc5 33.
Ra4 Rh6 34. c3 Ke5 35. Rc4 Kd5 36. Ra4 Ke5 37. Re4+ Kd5 38. Rg4 Ke5 39. Rg5+
Kd6 40. Rg4 Ke5 41. Ra4 Kd5 42. Ra5 Rb6 43. b4 Rc6 44. d4 Kc4 45. Rxc5+ Rxc5
46. dxc5 Kb5 47. c4+ Kc6 48. Kxh4 a5 49. bxa5 Kxc5 50. Kg4 Kc6 51. Kf5 Kb7 52.
c5 Kc7 53. Ke5 Kb7 54. Kd6 Kc8 55. Kc6 Kb8 56. Kd7 Kb7 57. c6+ Kb8 58. c7+ Ka7
59. a6 Kb6 60. c8=Q 1-0

[Event "East Lansing (MI Op/5)"]
[Site "?"]
[Date "1982.??.??"]
[Round "?"]
[White "Ahmadi, R.."]
[Black "Thompson, Dexter"]
[Result "0-1"]
[WhiteElo "1920"]
[BlackElo "2060"]
[PlyCount "54"]
[EventDate "1982.??.??"]

1. e4 e5 2. Nf3 Nc6 3. Bb5 a6 4. Ba4 Nf6 5. O-O Be7 6. Re1 b5 7. Bb3 O-O 8. a4
Bb7 9. c3 d5 10. exd5 Nxd5 11. axb5 axb5 12. Rxa8 Bxa8 13. Nxe5 Nxe5 14. Rxe5
Nf4 15. d4 Nxg2 16. Qg4 Nh4 17. d5 Bf6 18. Bg5 Bxg5 19. Na3 Qf6 20. Re2 Qf4 21.
Qxf4 Bxf4 22. Nxb5 c6 23. dxc6 Bxc6 24. Nd4 Nf3+ 25. Nxf3 Bxf3 26. Re7 Ra8 27.
Ba2 g5 0-1

[Event "East Lansing (MI Op/4)"]
[Site "?"]
[Date "1982.??.??"]
[Round "?"]
[White "Ahmadi, R.."]
[Black "Marfia, J.."]
[Result "0-1"]
[WhiteElo "1920"]
[BlackElo "2180"]
[PlyCount "36"]
[EventDate "1982.??.??"]

1. e4 c5 2. Nf3 Nc6 3. d4 cxd4 4. Nxd4 Nf6 5. Nc3 e5 6. Ndb5 d6 7. Bg5 a6 8.
Na3 b5 9. Nd5 Be7 10. Bxf6 Bxf6 11. Qd2 O-O 12. c4 Bg5 13. Qc3 b4 14. Nxb4 Nxb4
15. Qxb4 f5 16. Rd1 fxe4 17. Qxd6 Qa5+ 18. Ke2 Bg4+ 0-1

[Event "18th UMD Tornado"]
[Site "Dearborn, Mich."]
[Date "1982.01.16"]
[Round "4"]
[White "Willey, Mark"]
[Black "Moody, David"]
[Result "0-1"]
[WhiteElo "1948"]
[BlackElo "1947"]
[PlyCount "62"]
[EventDate "1982.01.16"]

1. c4 e5 2. Nc3 Nc6 3. g3 f5 4. Bg2 Nf6 5. e3 d6 6. Nge2 Be7 7. a3 a5 8. d3 O-O
9. O-O Qe8 10. Nd5 Bd8 11. Bd2 Ne7 12. Nxf6+ Rxf6 13. f4 Rh6 14. Bf3 c6 15. b4
Be6 16. Qc2 Ng6 17. e4 Bf6 18. fxe5 Nxe5 19. Bg2 Rxh2 20. Kxh2 Qh5+ 21. Kg1 Ng4
22. Rfe1 Bxa1 23. Rxa1 fxe4 24. dxe4 Qh2+ 25. Kf1 Rf8+ 26. Nf4 Qxg3 27. Ke2
Rxf4 28. Bxf4 Qxg2+ 29. Kd3 Qf3+ 30. Kd4 Qxf4 31. Rg1 Qe3# 0-1

[Event "18th UMD Tornado"]
[Site "Dearborn, Mich."]
[Date "1982.01.16"]
[Round "3"]
[White "Moody, David"]
[Black "Kulbacki, Jim"]
[Result "1-0"]
[WhiteElo "1947"]
[BlackElo "2029"]
[PlyCount "53"]
[EventDate "1982.01.16"]

1. e4 e5 2. d4 exd4 3. Nf3 d5 4. e5 c5 5. c4 Bg4 6. Qb3 Nc6 7. cxd5 Nb4 8. Bb5+
Bd7 9. Bc4 b5 10. e6 fxe6 11. dxe6 Bc6 12. Ne5 bxc4 13. Qh3 Qf6 14. f4 Nc2+ 15.
Kd1 Ba4 16. b3 cxb3 17. axb3 Nxa1 18. bxa4 Rb8 19. Nd7 Qd8 20. Qh5+ g6 21. Qe5
Rxb1 22. Qxh8 Qa5 23. Qxg8 Qxa4+ 24. Ke2 Qc2+ 25. Bd2 Qe4+ 26. Kf2 Qxe6 27.
Qxe6+ 1-0

[Event "18th UMD Tornado"]
[Site "Dearborn, Mich."]
[Date "1982.01.16"]
[Round "1"]
[White "Moody, David"]
[Black "Duvall, David"]
[Result "1-0"]
[WhiteElo "1947"]
[BlackElo "1406"]
[PlyCount "37"]
[EventDate "1982.01.16"]

1. e4 e5 2. f4 Nc6 3. Nf3 exf4 4. d4 d5 5. exd5 Qxd5 6. Nc3 Qd8 7. Bxf4 Bg4 8.
Bc4 Be6 9. d5 Na5 10. Qe2 Nxc4 11. dxe6 fxe6 12. Qxc4 Kd7 13. O-O-O+ Bd6 14.
Nb5 Rc8 15. Nxd6 cxd6 16. Rxd6+ Ke7 17. Rxe6+ Kf7 18. Rf6+ Ke8 19. Qf7# 1-0

[Event "18th UMD Tornado"]
[Site "Dearborn, Mich."]
[Date "1982.01.16"]
[Round "2"]
[White "Decker, Dale"]
[Black "Moody, David"]
[Result "0-1"]
[WhiteElo "1725"]
[BlackElo "1947"]
[PlyCount "48"]
[EventDate "1982.01.16"]

1. Nf3 d5 2. g3 c6 3. Bg2 Bf5 4. d3 Nf6 5. O-O h6 6. Nbd2 Nbd7 7. Re1 e6 8. e4
dxe4 9. dxe4 Bh7 10. b3 Bc5 11. Bb2 O-O 12. h3 Qc7 13. Qe2 Qxg3 14. Ba3 Qc7 15.
Bxc5 Nxc5 16. Nh2 e5 17. Ng4 Nxg4 18. Qxg4 Rad8 19. Nc4 Ne6 20. Ne3 Nf4 21. Bf1
Rd6 22. Kh2 Bxe4 23. Nc4 Rg6 24. Qe2 Nxe2 0-1

[Event "Bear Paw Quads"]
[Site "Royal Oak, Mich."]
[Date "1982.01.23"]
[Round "3"]
[White "Sveen, Larry"]
[Black "Moody, David"]
[Result "0-1"]
[WhiteElo "1910"]
[BlackElo "1947"]
[PlyCount "58"]
[EventDate "1982.01.23"]

1. e4 e5 2. Nf3 Nc6 3. d4 exd4 4. Bc4 Nf6 5. O-O Bc5 6. e5 d5 7. exf6 dxc4 8.
Re1+ Be6 9. Ng5 Qd5 10. Nc3 Qf5 11. Nce4 O-O-O 12. g4 Qe5 13. fxg7 Rhg8 14.
Nxe6 fxe6 15. Bh6 d3 16. c3 d2 17. Re2 Rd3 18. Nxc5 Qxc5 19. Rxe6 Qd5 20. Rf6
Ne5 21. Rf8+ Kd7 22. Rxg8 Nf3+ 23. Kf1 Nxh2+ 24. Kg1 Nf3+ 25. Kf1 Qxg8 26. Qe2
Qd5 27. Rd1 Nh4 28. f3 Rxf3+ 29. Kg1 Rg3+ 0-1

[Event "Bear Paw Quads"]
[Site "Royal Oak, Mich."]
[Date "1982.01.23"]
[Round "2"]
[White "Moody, David"]
[Black "Dangremond, Leonard"]
[Result "1/2-1/2"]
[WhiteElo "1947"]
[BlackElo "1945"]
[PlyCount "113"]
[EventDate "1982.01.23"]

1. e4 e5 2. f4 exf4 3. Nf3 g5 4. Bc4 d6 5. h4 Bg4 6. hxg5 Be7 7. c3 Bxg5 8. Qb3
Bxf3 9. Bxf7+ Kf8 10. gxf3 Nd7 11. Bxg8 Bh4+ 12. Kd1 Rxg8 13. Qe6 Rg7 14. d4
Qg5 15. Qh3 Bg3 16. Nd2 Nf6 17. Nf1 Ke7 18. Rg1 Qh5 19. Qg2 Rag8 20. Rh1 Qb5
21. Qe2 Qxe2+ 22. Kxe2 Rh8 23. Rg1 Kf7 24. e5 dxe5 25. dxe5 Re8 26. Nxg3 Rxe5+
27. Kf2 fxg3+ 28. Rxg3 Rxg3 29. Kxg3 Re1 30. b3 Rg1+ 31. Kf2 Rd1 32. Ke2 Rh1
33. Kd3 Ke6 34. Bb2 Rxa1 35. Bxa1 Kf5 36. c4 Nd7 37. Ke3 h5 38. Bd4 a6 39. Kf2
Ne5 40. Kg3 Nd3 41. Be3 Ne5 42. Bd4 h4+ 43. Kg2 h3+ 44. Kxh3 Nxf3 45. Bc3 Ke4
46. Kg4 Kd3 47. Bf6 Nd4 48. Kf4 Ne2+ 49. Kf5 Nc1 50. Ke6 Nxa2 51. Kd7 Nc1 52.
Kxc7 Nxb3 53. Kxb7 a5 54. c5 Nxc5+ 55. Kb6 Nb3 56. Kb5 Kc2 57. Bd8 1/2-1/2

[Event "Bear Paw Quads"]
[Site "Royal Oak, Mich."]
[Date "1982.01.23"]
[Round "1"]
[White "Lucero, Tom"]
[Black "Moody, David"]
[Result "0-1"]
[WhiteElo "1840"]
[BlackElo "1947"]
[PlyCount "86"]
[EventDate "1982.01.23"]

1. e4 e5 2. Nf3 Nc6 3. Bb5 a6 4. Bxc6 dxc6 5. O-O Qd6 6. d4 exd4 7. e5 Qg6 8.
Nxd4 Bd7 9. e6 Bxe6 10. Nxe6 fxe6 11. Re1 Rd8 12. Qf3 Bc5 13. Qb3 Ne7 14. Nc3
O-O 15. Rxe6 Bxf2+ 16. Kh1 Qf7 17. Rxe7 Qxb3 18. axb3 Bh4 19. Bg5 Bxg5 20. Rxc7
Rf7 21. Rxf7 Kxf7 22. g3 Rd2 23. Ne4 Rd5 24. Rf1+ Ke6 25. Re1 Kd7 26. Nxg5 Rxg5
27. c4 c5 28. Kg2 Rf5 29. Re4 Kd6 30. g4 Re5 31. Kf3 g5 32. h4 Rxe4 33. Kxe4
gxh4 34. Kf4 h6 35. Kf3 Ke5 36. Kg2 Kf4 37. Kh3 Kg5 38. b4 cxb4 39. c5 a5 40.
b3 h5 41. gxh5 Kxh5 42. Kg2 Kg4 43. Kh1 Kf4 0-1

[Event "Saginaw Mini-Swiss"]
[Site "Saginaw, Mich."]
[Date "1982.01.30"]
[Round "1"]
[White "Moody, David"]
[Black "Kulbacki, Jim"]
[Result "1-0"]
[WhiteElo "1947"]
[BlackElo "2029"]
[PlyCount "43"]
[EventDate "1982.01.30"]

1. Nc3 d5 2. d4 e6 3. e4 Bb4 4. e5 c5 5. a3 Bxc3+ 6. bxc3 Ne7 7. Qg4 Nbc6 8.
Qxg7 Rg8 9. Qxh7 Qa5 10. Bd2 cxd4 11. cxd4 Qa4 12. c3 Bd7 13. Nf3 O-O-O 14. Ng5
Rh8 15. Qb1 Rdf8 16. Qb5 Qxb5 17. Bxb5 Nxe5 18. Bxd7+ Nxd7 19. Bf4 Ng6 20. Bd6
Rfg8 21. Nxf7 Rh4 22. Bg3 1-0

[Event "Saginaw Mini-Swiss"]
[Site "Saginaw, Mich."]
[Date "1982.01.30"]
[Round "2"]
[White "Moody, David"]
[Black "Hahn, David"]
[Result "0-1"]
[WhiteElo "1947"]
[BlackElo "2135"]
[PlyCount "50"]
[EventDate "1982.01.30"]

1. e4 c6 2. d4 d5 3. f3 e6 4. Bf4 Qb6 5. Bc1 Nf6 6. Nc3 c5 7. Na4 Qa5+ 8. c3
cxd4 9. b4 Qd8 10. Qxd4 Nc6 11. Qf2 dxe4 12. Bg5 Be7 13. Rd1 Qc7 14. Nc5 exf3
15. Nxf3 b6 16. Nd3 Bb7 17. Be2 Ng4 18. Qh4 Ne3 19. Kf2 Nxd1+ 20. Rxd1 h6 21.
b5 Bxg5 22. Nxg5 Ne5 23. Nb4 Qe7 24. Na6 Bxa6 25. bxa6 O-O 0-1

[Event "Saginaw Mini-Swiss"]
[Site "Saginaw, Mich."]
[Date "1982.01.30"]
[Round "3"]
[White "Groeller, William"]
[Black "Moody, David"]
[Result "1/2-1/2"]
[WhiteElo "1970"]
[BlackElo "1947"]
[PlyCount "37"]
[EventDate "1982.01.30"]

1. e4 e5 2. Nf3 Nc6 3. Bb5 a6 4. Ba4 Nf6 5. O-O Be7 6. Re1 b5 7. Bb3 O-O 8. c3
d5 9. exd5 Nxd5 10. Nxe5 Nxe5 11. Rxe5 c6 12. d4 Bd6 13. Re1 Qh4 14. g3 Qh3 15.
Be3 Bg4 16. Qd3 Rae8 17. Nd2 Re6 18. a4 Qh5 19. axb5 1/2-1/2

[Event "Trenton Quads (February)"]
[Site "Trenton, Mich."]
[Date "1982.02.14"]
[Round "3"]
[White "Wydryck, Robert"]
[Black "Moody, David"]
[Result "0-1"]
[WhiteElo "1920"]
[BlackElo "1947"]
[PlyCount "90"]
[EventDate "1982.02.14"]

1. e4 e5 2. Nf3 f5 3. Nxe5 Nf6 4. exf5 d6 5. Nf3 Bxf5 6. d4 Be7 7. Be2 O-O 8.
O-O d5 9. Ne5 Nbd7 10. Be3 Bd6 11. f4 Qe7 12. Nd2 g5 13. fxg5 Nxe5 14. gxf6
Qxf6 15. Ne4 dxe4 16. dxe5 Qxe5 17. Bc4+ Be6 18. Bxe6+ Qxe6 19. Qh5 Qe5 20.
Qxe5 Bxe5 21. c3 Rad8 22. Rad1 Rxf1+ 23. Rxf1 Rd3 24. Bh6 Bg7 25. Bf4 e3 26.
Re1 Rd2 27. Rxe3 Rxb2 28. Bxc7 Rxa2 29. Re8+ Kf7 30. Rb8 b6 31. Rb7 Kg6 32. c4
Bd4+ 33. Kf1 a5 34. Rb8 a4 35. Bxb6 Rb2 36. Rg8+ Kf7 37. Bxd4 Rb1+ 38. Ke2 Kxg8
39. Kd2 a3 40. c5 a2 41. Kd3 a1=Q 42. Bxa1 Rxa1 43. Kd4 Ra2 44. c6 Rxg2 45. Kd3
Kf7 0-1

[Event "Trenton Quads (February)"]
[Site "Trenton, Mich."]
[Date "1982.02.14"]
[Round "1"]
[White "Moody, David"]
[Black "Sveen, Larry"]
[Result "1-0"]
[WhiteElo "1947"]
[BlackElo "1910"]
[PlyCount "75"]
[EventDate "1982.02.14"]

1. e4 e6 2. f4 d5 3. e5 c5 4. Nf3 Nc6 5. Bb5 Nge7 6. O-O a6 7. Bxc6+ Nxc6 8. d3
Be7 9. Nbd2 Bd7 10. c4 d4 11. Ne4 h6 12. Nfd2 Qc7 13. Nb3 b6 14. Bd2 O-O-O 15.
a4 a5 16. Be1 g5 17. fxg5 Nxe5 18. Bg3 hxg5 19. Rxf7 Nxf7 20. Bxc7 Kxc7 21.
Nbd2 Rh7 22. b4 cxb4 23. Rc1 Bc5 24. Nb3 Bxa4 25. Ra1 Bxb3 26. Qxb3 Rdh8 27.
Nxc5 Rxh2 28. Nxe6+ Kd7 29. Re1 Rh1+ 30. Kf2 Rxe1 31. Kxe1 Re8 32. Qa4+ Kxe6
33. Qxe8+ Kf6 34. Qc6+ Kf5 35. Qe4+ Kf6 36. Qxd4+ Ne5 37. Qxb6+ Kf5 38. Qxa5
1-0

[Event "Trenton Quads (February)"]
[Site "Trenton, Mich."]
[Date "1982.02.14"]
[Round "2"]
[White "Moody, David"]
[Black "Dangremond, Leonard"]
[Result "1/2-1/2"]
[WhiteElo "1947"]
[BlackElo "1945"]
[PlyCount "36"]
[EventDate "1982.02.14"]

1. f4 Nf6 2. Nf3 b6 3. e3 Bb7 4. b3 g6 5. Bb2 Bg7 6. Be2 d6 7. O-O Nbd7 8. Nc3
O-O 9. Qe1 c5 10. Qh4 Qc7 11. Bb5 a6 12. Bxd7 Qxd7 13. Ng5 Qg4 14. Qf2 h6 15.
Nf3 Ne4 16. Qe2 Nxc3 17. Bxc3 Bxc3 18. dxc3 Qe6 1/2-1/2

[Event "19th UMD Tornado"]
[Site "Dearborn, Mich."]
[Date "1982.02.20"]
[Round "2"]
[White "Stokes, Ronald"]
[Black "Moody, David"]
[Result "1/2-1/2"]
[WhiteElo "1350"]
[BlackElo "1947"]
[PlyCount "96"]
[EventDate "1982.02.20"]

1. d4 Nf6 2. c4 c5 3. d5 e6 4. Nc3 exd5 5. cxd5 d6 6. e4 g6 7. Nf3 Bg7 8. Bc4
O-O 9. O-O a6 10. a4 Bg4 11. h3 Bxf3 12. Qxf3 Nbd7 13. Rb1 Ne5 14. Qe2 Qa5 15.
Bd2 Nxc4 16. Qxc4 b5 17. axb5 axb5 18. Qxb5 Qxb5 19. Nxb5 Nxe4 20. Bf4 Rfd8 21.
Rfe1 Ra5 22. Rxe4 Rxb5 23. b3 f5 24. Rc4 Kf7 25. h4 Ke7 26. Re1+ Kd7 27. Re6
Kc7 28. b4 Bd4 29. bxc5 Bxc5 30. Be3 Kb6 31. Bf4 Rb4 32. Rxb4+ Bxb4 33. Re7 Kc5
34. Rxh7 Kxd5 35. Rg7 Ke4 36. Be3 d5 37. Rxg6 d4 38. Bg5 d3 39. g3 d2 40. Bxd2
Rxd2 41. Re6+ Kf3 42. Re3+ Kg4 43. Kg2 Bc5 44. Rf3 Bd6 45. Rb3 Be5 46. Re3 Bd6
47. Rb3 Kh5 48. Rf3 Kg6 1/2-1/2

[Event "19th UMD Tornado"]
[Site "Dearborn, Mich."]
[Date "1982.02.20"]
[Round "3"]
[White "Moody, David"]
[Black "Diakonov, Greg"]
[Result "1-0"]
[WhiteElo "1947"]
[BlackElo "1702"]
[PlyCount "47"]
[EventDate "1982.02.20"]

1. e4 Nf6 2. Nc3 d5 3. d4 dxe4 4. f3 exf3 5. Nxf3 Bg4 6. Bd3 e6 7. O-O Bb4 8.
Bg5 Bxf3 9. Qxf3 c6 10. Ne4 Be7 11. c3 Nbd7 12. Rae1 O-O 13. Qh3 Nxe4 14. Bxe4
f5 15. Bxe7 Qxe7 16. Bxf5 Rxf5 17. Rxf5 g6 18. Rf4 Nf8 19. Ref1 Qg5 20. Rf7 Rb8
21. Qf3 Qd8 22. Qf4 e5 23. Qh6 Ne6 24. Qxh7# 1-0

[Event "19th UMD Tornado"]
[Site "Dearborn, Mich."]
[Date "1982.02.20"]
[Round "1"]
[White "Moody, David"]
[Black "Cutsinger, Rodney"]
[Result "1-0"]
[WhiteElo "1947"]
[BlackElo "1403"]
[PlyCount "89"]
[EventDate "1982.02.20"]

1. e4 Nc6 2. Nc3 e6 3. d4 d5 4. e5 Nge7 5. Bg5 h6 6. Bh4 Qd7 7. Bxe7 Bxe7 8. f4
b6 9. Nf3 Bb7 10. Bb5 O-O-O 11. Qe2 f6 12. a4 fxe5 13. Nxe5 Qe8 14. Nxc6 Bxc6
15. a5 Bb4 16. axb6 Bxc3+ 17. bxc3 Bxb5 18. bxa7 Bxe2 19. a8=Q+ Kd7 20. Qa4+
Ke7 21. Qxe8+ Rhxe8 22. Kxe2 Rc8 23. Ra7 Kf6 24. Kd3 Re7 25. Re1 g6 26. Re5 c5
27. Rxe7 Kxe7 28. g4 cxd4 29. cxd4 Rf8 30. Ke3 Rc8 31. f5 Rc6 32. Rxe6+ Rxe6+
33. fxe6 Kxe6 34. Kd3 h5 35. c4 dxc4+ 36. Kxc4 hxg4 37. Kc5 Kd7 38. Kd5 g5 39.
Ke5 Ke7 40. Kf5 Kd6 41. Kxg4 Kd5 42. Kxg5 Kxd4 43. h4 Ke5 44. h5 Ke6 45. Kg6
1-0

[Event "19th UMD Tornado"]
[Site "Dearborn, Mich."]
[Date "1982.02.20"]
[Round "4"]
[White "Groeller, William"]
[Black "Moody, David"]
[Result "0-1"]
[WhiteElo "1970"]
[BlackElo "1947"]
[PlyCount "80"]
[EventDate "1982.02.20"]

1. d4 Nf6 2. Nf3 e6 3. g3 c5 4. Bg2 Nc6 5. O-O d5 6. b3 cxd4 7. Nxd4 Bc5 8.
Nxc6 bxc6 9. c4 Ba6 10. Nd2 O-O 11. Bb2 Qb6 12. Qc2 Ng4 13. e3 Bxe3 14. fxe3
Nxe3 15. Qc1 Nxc4+ 16. Rf2 Nxb2 17. Qxb2 Rae8 18. Nf3 f6 19. Bf1 e5 20. Bxa6
Qxa6 21. Qe2 Qxe2 22. Rxe2 Kf7 23. Rc1 Rc8 24. Kf1 Ke6 25. Rc5 Kd6 26. b4 Rb8
27. a3 Rb5 28. Rec2 Rxc5 29. Rxc5 Rb8 30. Kf2 Rb5 31. Rxb5 cxb5 32. Ke3 f5 33.
Nd2 d4+ 34. Kf3 Kd5 35. Nb3 Kc4 36. Na5+ Kc3 37. Nc6 d3 38. Nxe5 d2 39. Kf4
d1=Q 40. Kxf5 Qd5 0-1

[Event "WMU Open"]
[Site "Kalamazoo, Mich."]
[Date "1982.03.13"]
[Round "3"]
[White "Moody, David"]
[Black "Quigley, Larry"]
[Result "0-1"]
[WhiteElo "1982"]
[BlackElo "2154"]
[PlyCount "78"]
[EventDate "1982.03.13"]

1. e4 e5 2. Nf3 Nc6 3. d4 exd4 4. Bc4 Nf6 5. O-O Nxe4 6. Re1 d5 7. Bxd5 Qxd5 8.
Nc3 Qa5 9. Nxe4 Be6 10. Bg5 h6 11. Bh4 Bb4 12. Re2 g5 13. Nxd4 O-O-O 14. c3
Nxd4 15. cxb4 Nf3+ 16. gxf3 Rxd1+ 17. Rxd1 Qa6 18. b5 Qxb5 19. Rc2 Rd8 20.
Rxd8+ Kxd8 21. Bg3 c6 22. Rd2+ Bd5 23. Nd6 Qb4 24. Nxf7+ Ke8 25. Nd6+ Kf8 26.
Re2 g4 27. Nf5 gxf3 28. Re3 Qd2 29. Bd6+ Kf7 30. h4 Qd1+ 31. Kh2 Qf1 32. Kg3
Qg2+ 33. Kf4 Qxf2 34. Re7+ Kg6 35. Rg7+ Kh5 36. Be7 Qd2+ 37. Ke5 Qxb2+ 38. Kf4
Qd2+ 39. Ke5 Qe2+ 0-1

[Event "WMU Open"]
[Site "Kalamazoo, Mich."]
[Date "1982.03.13"]
[Round "1"]
[White "Moody, David"]
[Black "Duweck, Mike"]
[Result "1-0"]
[WhiteElo "1982"]
[BlackElo "1492"]
[PlyCount "55"]
[EventDate "1982.03.13"]

1. e4 c5 2. Nf3 d6 3. d4 cxd4 4. Nxd4 Nf6 5. Nc3 g6 6. Be3 Bg7 7. f3 a6 8. Bc4
Qc7 9. Bb3 Nc6 10. Qd2 O-O 11. O-O-O Bd7 12. h4 Rfc8 13. h5 Nxh5 14. g4 Nxd4
15. Bxd4 Bxd4 16. Qxd4 Nf4 17. Qd2 e5 18. Qh2 h5 19. Nd5 Nxd5 20. gxh5 Kg7 21.
Bxd5 Rh8 22. Rdg1 Rac8 23. Qg2 Rh6 24. Bxf7 Kxf7 25. hxg6+ Kg7 26. Rxh6 Kxh6
27. Qh2+ Kg7 28. Qh7+ 1-0

[Event "WMU Open"]
[Site "Kalamazoo, Mich."]
[Date "1982.03.13"]
[Round "2"]
[White "Maddox, Scott"]
[Black "Moody, David"]
[Result "0-1"]
[WhiteElo "1673"]
[BlackElo "1982"]
[PlyCount "36"]
[EventDate "1982.03.13"]

1. Nf3 d5 2. c4 dxc4 3. Qa4+ Nc6 4. Ne5 Bd7 5. Nxd7 Qxd7 6. Qxc4 Nf6 7. e3 e5
8. Be2 e4 9. O-O Bd6 10. f4 exf3 11. Bxf3 Ne5 12. Qe2 Neg4 13. g3 h5 14. Kg2 h4
15. Nc3 hxg3 16. h3 Rxh3 17. Bxg4 Rh2+ 18. Kg1 Nxg4 0-1

[Event "WMU Open"]
[Site "Kalamazoo, Mich."]
[Date "1982.03.14"]
[Round "5"]
[White "Moody, David"]
[Black "Williams, Kenneth"]
[Result "1-0"]
[WhiteElo "1982"]
[BlackElo "1829"]
[PlyCount "131"]
[EventDate "1982.03.13"]

1. e4 e5 2. Nf3 Nc6 3. d4 exd4 4. Bc4 Nf6 5. O-O Nxe4 6. Re1 d5 7. Bxd5 Qxd5 8.
Nc3 Qa5 9. Nxe4 Be6 10. Bd2 Qd5 11. Bg5 Be7 12. Bxe7 Kxe7 13. Qe2 Rhe8 14. Neg5
h6 15. c4 dxc3 16. Rad1 Qf5 17. Nxe6 fxe6 18. bxc3 Rad8 19. Nh4 Qf6 20. Qh5 Kf8
21. Qc5+ Kg8 22. Nf3 Rxd1 23. Rxd1 Rd8 24. Rxd8+ Qxd8 25. h3 Qd1+ 26. Kh2 Qd6+
27. Qxd6 cxd6 28. Nd2 Kf7 29. Kg3 Ke7 30. Kg4 g6 31. Nf3 Kf6 32. Kf4 Ne7 33. c4
Nc6 34. Ke4 a6 35. Nh2 Ne5 36. Kd4 Kf5 37. Nf1 Nc6+ 38. Kc3 h5 39. Nd2 g5 40.
Nf1 h4 41. Ne3+ Kf4 42. Ng4 Kf5 43. Nh6+ Kg6 44. Ng4 Kf5 45. Ne3+ Ke4 46. Ng4
Ne5 47. Nf6+ Kf4 48. Ne8 Nf7 49. Kd4 Kf5 50. c5 e5+ 51. Kd5 dxc5 52. Kxc5 Ke6
53. Kb6 Kd7 54. Nf6+ Kc8 55. Ne4 Kb8 56. Nc5 Nd8 57. Nd7+ Kc8 58. Nc5 Kb8 59.
a4 Kc8 60. a5 Kb8 61. Nd7+ Kc8 62. Nxe5 Ne6 63. g3 hxg3 64. fxg3 Kb8 65. h4
gxh4 66. gxh4 1-0

[Event "WMU Open"]
[Site "Kalamazoo, Mich."]
[Date "1982.03.14"]
[Round "4"]
[White "Jones, Leander"]
[Black "Moody, David"]
[Result "0-1"]
[WhiteElo "1520"]
[BlackElo "1982"]
[PlyCount "50"]
[EventDate "1982.03.13"]

1. e4 e5 2. Nf3 Nc6 3. Bb5 a6 4. Ba4 Nf6 5. d3 Bc5 6. c3 d6 7. O-O Bg4 8. d4
Bxf3 9. gxf3 Ba7 10. d5 b5 11. Bxb5 axb5 12. dxc6 Nh5 13. Qe2 Qh4 14. Be3 Nf4
15. Bxf4 exf4 16. Na3 g5 17. Nxb5 g4 18. Nxa7 Qh3 19. Rfe1 gxf3 20. Qf1 Rg8+
21. Kh1 Rg2 22. Qg1 Rxg1+ 23. Rxg1 Rxa7 24. c4 Ra5 25. b4 Rh5 0-1

[Event "Saginaw Valley Open (March)"]
[Site "Saginaw, Mich."]
[Date "1982.03.20"]
[Round "1"]
[White "Riche, Demetrius"]
[Black "Moody, David"]
[Result "0-1"]
[WhiteElo "1410"]
[BlackElo "1982"]
[PlyCount "48"]
[EventDate "1982.03.20"]

1. d4 Nf6 2. Nf3 e6 3. Bf4 d5 4. Nc3 Bb4 5. a3 Ba5 6. g3 Nbd7 7. Bg2 Ne4 8. Qd3
c5 9. O-O f5 10. Qe3 cxd4 11. Nxd4 e5 12. Bxe5 Nxe5 13. Nxf5 Bxf5 14. Nxe4 Bxe4
15. Bxe4 dxe4 16. Qxe4 Qe7 17. Qa4+ Nc6 18. b4 Bb6 19. e4 O-O 20. Qb3+ Qf7 21.
Qxf7+ Rxf7 22. Rad1 Raf8 23. Rd2 Ne5 24. h3 Nf3+ 0-1